00875nam a2200229 a 450000100100000000500170001000800410002702000150006804000250008308200160010810000350012424500950015926000820025430000330033649000300036950000340039950400320043383000370046504900090050295201190051199900150063000000532020200929151637.0090819s2003 sp d 001 0 spa d a8400081269 aDO-SdBNPbspacBNPHU axxxxbG463c1 aGil Rodríguez, Manuel91509610aCálculos avanzados en procesos de descontaminación de aguas /cManuel Gil Rodríguez. aMadrid, España :bConsejo Superior de Investigaciones Científicas,c2003. a230 p. :bdiagraf. ;c24 cm.1 aBiblioteca de cienciasv9 aIncluye índice alfabético aBibliografía : p. 223-225 0aBiblioteca de cienciasn9915097 aBNPD 001054708MOaGRbGRcHDd2009-08-19iLF1l0oxxxx G463cp5320-10r2020-06-25w2020-06-25y4ZPréstamo en sala c5121d5121